header

Lecture notes. (Record no. 236437)

MARC details
000 -LEADER
fixed length control field 02084nam a2200361 a 4500
082 04 - DEWEY DECIMAL CLASSIFICATION NUMBER
Classification number 616.5
100 1# - MAIN ENTRY--AUTHOR NAME
Personal name Graham-Brown, R. A. C.
245 10 - TITLE STATEMENT
Title Lecture notes.
250 ## - EDITION STATEMENT
Edition statement 10th ed.
260 ## - PUBLICATION, DISTRIBUTION, ETC. (IMPRINT)
Place of publication Chichester, West Sussex ;
-- Hoboken, N.J. :
Name of publisher Wiley-Blackwell,
Year of publication 2011.
300 ## - PHYSICAL DESCRIPTION
Number of Pages 224 p. :
Other physical details col. ill.
505 0# - FORMATTED CONTENTS NOTE
Formatted contents note Structure and function of the skin, hair, and nails -- Approach to the diagnosis of dermatological disease -- Bacterial and viral infections -- Fungal infections -- Ectoparasite infections -- Acne, acneiform eruptions, and rosacea -- Eczema -- Psoriasis -- Benign and malignant skin tumours -- Naevi -- Inherited disorders -- Pigmentary disorders -- Disorders of the hair and nails -- Bullous disorders -- Miscellaneous erythematous and papulosquamous disorders and light-induced skin diseases -- Vascular disorders -- Connective tissue disorders -- Pruritus -- Systemic disease and the skin -- Skin and the psyche -- Cutaneous drug reactions -- Treatment of skin disease -- Dermatological emergencies.
650 #0 - SUBJECT ADDED ENTRY--TOPICAL TERM
Topical Term Dermatology
Topical Term Skin
700 1# - ADDED ENTRY--PERSONAL NAME
Personal name Burns, Tony,
856 40 - ELECTRONIC LOCATION AND ACCESS
Uniform Resource Identifier http://site.ebrary.com/lib/rucke/Doc?id=10518706

No items available.

© 2026 Rongo University
Contact us: librarian | system librarian | Rongo university